MARC

LEADER 00000nam0a2200000 4500
001 276723
005 20231101234940.0
020 |a RU  |b 85-82752 
035 |a (RuTPU)RU\TPU\book\299996 
090 |a 276723 
100 |a 20141125d1985 k y0rusy5003 ca 
101 0 |a rus 
102 |a RU 
105 |a a z 001zy 
200 1 |a Работоспособность конструкций из армированных пластмасс в экстремальных условиях  |f Академия наук СССР (АН СССР), Сибирское отделение (СО), Институт физико-технических проблем Севера (ИФТПС) ; под ред. Ю. С. Уржумцева 
210 |a Якутск  |c Изд-во ЯФ СО АН СССР  |d 1985 
215 |a 127 с.  |c ил. 
320 |a Библиогр. в конце ст. 
606 1 |a Пластмассы  |2 stltpush  |3 (RuTPU)RU\TPU\subj\49097  |9 67908 
610 1 |a армированные материалы 
610 1 |a расчет на прочность 
610 1 |a работоспособность 
610 1 |a конструкции 
610 1 |a экстремальные условия 
675 |a 678.5.067  |z rus  |v 4 
702 1 |a Уржумцев  |b Ю. С.  |g Юрий Степанович  |4 340 
712 0 2 |a Академия наук СССР (АН СССР)  |b Сибирское отделение (СО)  |b Институт физико-технических проблем Севера (ИФТПС)  |c (Якутск)  |2 stltpush  |3 (RuTPU)RU\TPU\col\13084 
801 0 |a RU  |b RuMRKP  |c 19950704  |g psbo 
801 1 |a RU  |b 63413507  |c 20141125 
801 2 |a RU  |b 63413507  |c 20171218  |g RCR 
942 |c BK